El barrido de los motores diesel de dos tiempos / (Registro nro. 140438)

Detalles MARC
000 -LEADER
campo de control de longitud fija 00641nam a2200181 4500
001 - NÚMERO DE CONTROL
campo de control 140438
003 - IDENTIFICADOR DE NÚMERO DE CONTROL
campo de control ES-MaACL
005 - FECHA Y HORA DE LA ÚLTIMA TRANSACCIÓN
campo de control 20230906200058.0
007 - CAMPO FIJO DE DESCRIPCIÓN FÍSICA--INFORMACIÓN GENERAL
campo de control de longitud fija t|
008 - DATOS DE LONGITUD FIJA--INFORMACIÓN GENERAL
campo de control de longitud fija 070214s1959 sp r ||||1| spa d
100 1# - ENTRADA PRINCIPAL--NOMBRE DE PERSONA
Nombre de persona Schweitzer, Paul H.
9 (RLIN) 104899
245 13 - MENCIÓN DEL TÍTULO
Título El barrido de los motores diesel de dos tiempos /
Mención de responsabilidad, etc. Paul H. Schweitzer ; versión española ampliada de Miguel de Aldecoa ; prólogo de Enrique Freixa Pedrals.
260 ## - PUBLICACIÓN, DISTRIBUCIÓN, ETC.
Lugar de publicación, distribución, etc. Barcelona :
Nombre del editor, distribuidor, etc. Labor,
Fecha de publicación, distribución, etc. 1959.
300 ## - DESCRIPCIÓN FÍSICA
Extensión XVI, 339 p. :
Otras características físicas il. ;
Dimensiones 25 cm.
700 1# - ENTRADA AGREGADA--NOMBRE PERSONAL
Nombre de persona Aldecoa, Miguel de.
9 (RLIN) 19630
700 1# - ENTRADA AGREGADA--NOMBRE PERSONAL
Nombre de persona Freixa Pedrals, Enrique.
9 (RLIN) 52477
852 ## - LOCALIZACIÓN
Ubicación ES-MaACL
Número de control de estantería C-16858
Sublocalización o colección R.44843
Existencias
Estatus retirado Estado de pérdida Estado de daño No para préstamo Biblioteca de origen Biblioteca actual Ubicación en estantería Fecha de adquisición Fuente de adquisición Total de préstamos Signatura topográfica completa Código de barras Visto por última vez Precio de reemplazo Tipo de ítem Koha
        Biblioteca del Ateneo de Madrid Biblioteca del Ateneo de Madrid Galería 17/01/2008     C-16858 1146145 23/02/2023 23/02/2023 Libro impreso